000 01042cam a2200313 4500
999 _c708
_d708
001 016040789
003 UkOxU
005 20191205111452.0
008 011120r20021959enka 000 0aeng
015 _aGBA1U5313
_2bnb
020 _a0099285665
020 _a9780099285663
035 _a(Uk)009049402
040 _aStDuBDS
_dUk
_cNIS
082 0 4 _a942 LEE
_221
100 1 _aLee, Laurie.
_eauthor
245 1 0 _aCider with Rosie /
_cLaurie Lee ; with drawings by John Ward ; introduction by Cerys Matthews.
260 _aLondon :
_bArrow,
_c2002.
300 _a231 p. :
_bill. ;
_c20 cm.
490 1 _aVintage classics
500 _aOriginally published: London : Hogarth, 1959.
600 1 0 _aLee, Laurie
_xChildhood and youth.
651 0 _aCotswold Hills (England)
_xSocial life and customs
_y20th century.
700 1 _aWard, John.
_eIllustrator
700 1 _aMatthews, Cerys
_eWriter of introduction
830 0 _aVintage classics (London, England)
942 _2ddc
_cNFIC